000 00437nam a2200169Ia 4500
008 230711s9999||||xx |||||||||||||| ||und||
020 _a978-81-265-4160-7
041 _aENG
082 _a620.11
_bGA-M
100 _aBalasubramaniam,R
245 0 _aCallister's Materials Science and Engineering
250 _a2nd Ed.
260 _c2019
_aNew Delhi
_bWiley India Pvt.Ltd
300 _a717p.
700 _aRethwisch,David G
942 _cBK
999 _c6977
_d6977